| 000 | 00970nas a2200313 4500 | ||
|---|---|---|---|
| 001 | BR9803466 | ||
| 003 | BR-BrBNA | ||
| 005 | 20231205100821.0 | ||
| 007 | ta | ||
| 008 | 230509b bl.|||p| |||| 00| 00por d | ||
| 040 |
_aBR-BrBNA _bpor _cBiblioteca Nacional de Agricultura |
||
| 041 | _a(Pt) | ||
| 072 | _aP31; P33 | ||
| 100 | 1 | _aAbrahao, W.A.P. | |
| 100 | 1 | _aCosta, L.M. | |
| 100 | 1 | _aMello, J.W.V. | |
| 100 | 1 | _aNeves, J.C.L. | |
| 245 | 1 | _aDistribuicao de frequencia de tamanho da fracao areia e compacidade relativa de solos desenvolvidos de sedimentos do grupo geologico Barreiras | |
| 650 | _aSolo | ||
| 650 | _aFisica do Solo | ||
| 650 | _aQuimica do Solo | ||
| 650 | _aGeomorfologia | ||
| 650 | _aAreia | ||
| 650 | _aCompactacao do Solo | ||
| 650 | _aBahia | ||
| 773 | 0 |
_tRevista Brasileira de Ciencia do Solo (Brazil) _xISSN 0100-0683 _g(1998), v. 22(1) p. 1-9 _wBR9803466 |
|
| 909 |
_a202311 _bLúcia _c55 _dLúcia Elande |
||
| 942 |
_2AGRIS _n0 _cANA |
||
| 999 |
_c158258 _d158258 |
||